01205nam a22002897a 4500001001000000003000900010005001700019007000300036008003400039040005400073041001000127072002000137090001800157110013400175245025600309260004000565300001100605650002200616650001600638650001200654650001700666650002200683909003600705942000700741999001700748952015000765BR7200781BR-BrBNA20230928083819.0ta230509b bl.||||| |||| 00| 0 por d aBR-BrBNAbporcBiblioteca Nacional de Agricultura a(Por) aE15; E10b/G514  E15 BR72007811 aInstituto Nacional de Colonizacao e Reforma Agraria, Porto Alegre, RS (Brasil). Coordenadoria Regional do Rio Grande do Sul964421 aLevantamento de recursos naturais, socio-economicos e institucionais do estado do Rio Grande do Sul. Analise da situacao atual. Analise da estrutura produtiva, a nivel detalhado. Analise intra-regional. Regioes de programacao 1, 2, 3, 4, 5, 6 [Brasil]3 aPorto Alegre, RS (Brasil): c1972.  av. 1-2 aCUSTO DE PRODUCAO aMAO-DE-OBRA aCAPITAL aUSO DA TERRA aRIO GRANDE DO SUL a202309bLuciac55dLucia Elande cBK c15348d15348 002AGRIS40708AGROBASEa41918b41918l0o E15 BR7200781pE15 BR7200781r2023-09-25t01yBK10d2023-09-25ePortaria Interministerial nÂș 164/94